| 000 | 00787cam a2200277 a 4500 | ||
|---|---|---|---|
| 001 | 4732369 | ||
| 003 | OSt | ||
| 005 | 20180103031723.0 | ||
| 008 | 840525s1984 nyu b 001 0 eng | ||
| 010 | _a 84010612 | ||
| 020 | _a067145482X | ||
| 040 |
_aDLC _cDLC _dDLC |
||
| 043 | _an-us--- | ||
| 050 | 0 | 0 |
_a338.04 _b.G54 1984 |
| 082 | 0 | 0 |
_a338.04 GIL _219 |
| 100 | 1 |
_aGilder, George F., _d1939- |
|
| 245 | 1 | 4 |
_aThe spirit of enterprise / _cGeorge Gilder. |
| 260 |
_aNew York : _bSimon and Schuster, _cc1984. |
||
| 300 |
_a274 p. ; _c25 cm. |
||
| 500 | _aIncludes index. | ||
| 504 | _aBibliography: p. 259-265. | ||
| 650 | 0 | _aEntrepreneurship. | |
| 650 | 0 |
_aCapitalists and financiers _zUnited States. |
|
| 906 |
_a7 _bcbc _corignew _d1 _eocip _f19 _gy-gencatlg |
||
| 942 |
_2ddc _cBK |
||
| 999 |
_c39582 _d39582 |
||